National Dish 🍲 : Sudden Death - Statistics

General Stats
  • This quiz has been taken 114 times
  • The average score is 7 of 15
Answers on the Grid
Answers color-coded by a green-red scale on the quiz's grid according to % correct below.
Kjötsúpa : Iceland
Harees : Egypt
Chivito : Paraguay
Irish Stew : Ireland
Wiener Schnitzel : Switzerland
Hamburger : USA
Kabuli Pulao : Afghanistan
Feijoada : Brazil
Poutine : Canada
Basis Lemak : Malaysia
Khichdi : India
Pot - Au - Feu : France
Lasagna : Spain
Taco : Mexico
Pad Thai : Thailand
Peking Duck : China
Goulash : Hungary
Doner Kabab : Algeria
Meat Pie : Australia
Moules Frites : Belgium
Pepian : Costa Rica
Fish Amok : Bangladesh
 
Answer Stats
Answer % Correct
Goulash : Hungary
77%
Hamburger : USA
73%
Taco : Mexico
73%
Pad Thai : Thailand
72%
Peking Duck : China
66%
Moules Frites : Belgium
63%
Poutine : Canada
56%
Irish Stew : Ireland
53%
Meat Pie : Australia
36%
Feijoada : Brazil
34%
Pot - Au - Feu : France
31%
Kabuli Pulao : Afghanistan
25%
Basis Lemak : Malaysia
22%
Khichdi : India
19%
Kjötsúpa : Iceland
17%
No matching quizzes found
Score Distribution
Percent of People with Each Score
Percentile by Number Answered
Your Score History
You have not taken this quiz